[Event "SR 3. liga A2 2009/2010"]
[Site "?"]
[Date "2009.11.29"]
[Round "4.3"]
[White "Cajka, Tibor"]
[Black "Sturdik, Igor"]
[Result "1/2-1/2"]
[WhiteElo "1932"]
[BlackElo "2047"]
[PlyCount "123"]
[EventDate "2009.??.??"]

1. e4 Nf6 2. e5 Nd5 3. d4 d6 4. Nf3 Nc6 5. c4 Nb6 6. exd6 exd6 7. h3 Bf5 8. Bd3
Bxd3 9. Qxd3 Be7 10. O-O O-O 11. Nc3 Re8 12. b3 d5 13. c5 Nc8 14. Re1 Nb4 15.
Qe2 c6 16. Bf4 Kf8 17. a3 Na6 18. Qd3 Kg8 19. Re2 Bf6 20. Rxe8+ Qxe8 21. Re1
Qd7 22. Qf5 Qd8 23. Ne5 Ne7 24. Qd3 Bxe5 25. Bxe5 Nc7 26. Qg3 Ne6 27. Bf6 Qf8
28. Be5 Ng6 29. Bd6 Qd8 30. Rd1 Qf6 31. Qe3 Re8 32. b4 a6 33. Ne2 Nc7 34. Qd3
Nb5 35. Bg3 Nxa3 36. Qxa3 Rxe2 37. Qc3 h6 38. Kf1 Re8 39. Re1 Rxe1+ 40. Kxe1
Qe6+ 41. Kf1 Qe4 42. Kg1 Ne7 43. f3 Qe2 44. Qe1 Qxe1+ 45. Bxe1 Kf8 46. Kf1 Nc8
47. Ke2 Ke7 48. Kd3 Ke6 49. Bg3 b6 50. Bb8 bxc5 51. bxc5 Ne7 52. Bg3 Kd7 53.
Be1 Nc8 54. g4 Ke6 55. Kc3 Kd7 56. Bg3 Na7 57. Kb4 Kc8 58. h4 Nb5 59. Bf2 Kb7
60. h5 Nc7 61. Be3 Ne6 62. Ka5 1/2-1/2

[Event "SR 3. liga A2 2009/2010"]
[Site "?"]
[Date "2009.11.29"]
[Round "4.4"]
[White "Svoboda, Adam"]
[Black "Pericka, Tomas"]
[Result "0-1"]
[WhiteElo "1821"]
[BlackElo "1910"]
[PlyCount "46"]
[EventDate "2009.??.??"]

1. e4 c5 2. Nf3 Nc6 3. d4 cxd4 4. Nxd4 g6 5. c4 Bg7 6. Be3 Nf6 7. Nc3 Ng4 8.
Qxg4 Nxd4 9. Qd1 e5 10. Qd2 d6 11. Bxd4 exd4 12. Nb5 O-O 13. Bd3 a6 14. Na3 Qh4
15. O-O f5 16. exf5 Bxf5 17. Bxf5 Rxf5 18. Rae1 Raf8 19. g3 Qh3 20. f4 g5 21.
Re4 gxf4 22. gxf4 Rg5+ 23. fxg5 Rxf1# 0-1

[Event "SR 3. liga A2 2009/2010"]
[Site "?"]
[Date "2009.11.29"]
[Round "4.5"]
[White "Jozefek, Michal"]
[Black "Bahna, Jan"]
[Result "0-1"]
[WhiteElo "1902"]
[BlackElo "1960"]
[PlyCount "88"]
[EventDate "2009.??.??"]

1. d4 d5 2. c4 e6 3. Nc3 Nf6 4. cxd5 exd5 5. Bg5 Be7 6. e3 O-O 7. Bd3 h6 8. Bh4
c6 9. Nge2 Re8 10. O-O Nbd7 11. f3 Nh7 12. Bf2 Ng5 13. e4 dxe4 14. fxe4 c5 15.
Rc1 cxd4 16. Nb5 Nc5 17. Nexd4 a6 18. Nc3 Bf6 19. Nd5 Ncxe4 20. Nxf6+ Nxf6 21.
Kh1 Bg4 22. Qb3 Qd7 23. Qb6 Nd5 24. Qb3 Nf4 25. Bc4 b5 26. Nxb5 Nxg2 27. Bd5
Rab8 28. Bxg2 Rxb5 29. Qg3 Rxb2 30. Bc6 Qxc6+ 31. Rxc6 Bf3+ 32. Kg1 Bxc6 33.
Qc3 Re6 34. Rd1 $11 Rxf2 35. Rd8+ Kh7 36. Qd3+ Be4 37. Rh8+ Kxh8 38. Qd8+ Kh7
39. Kxf2 Bg6 40. Qc8 Ne4+ 41. Kf3 Bh5+ 42. Kg2 Rf6 43. Qc4 Bf3+ 44. Kg1 Rg6+
0-1

[Event "SR 3. liga A2 2009/2010"]
[Site "?"]
[Date "2009.11.29"]
[Round "4.6"]
[White "Klanica, Anton"]
[Black "Diviak, Rudolf"]
[Result "1/2-1/2"]
[WhiteElo "1894"]
[BlackElo "1893"]
[PlyCount "79"]
[EventDate "2009.??.??"]

1. e4 e5 2. Nf3 Nc6 3. Bb5 a6 4. Ba4 Nf6 5. d3 b5 6. Bb3 Be7 7. Nc3 d6 8. Bg5
Na5 9. Bxf6 Bxf6 10. Nd5 O-O 11. Qd2 Nxb3 12. axb3 Bb7 13. Ne3 d5 14. exd5 Bxd5
15. Nxd5 Qxd5 16. O-O e4 17. dxe4 Qxd2 18. Nxd2 Bxb2 19. Ra2 Bc3 20. Nb1 Bd4
21. Rd1 Rfd8 22. Kf1 a5 23. Ke2 Bb6 24. Rd3 Kf8 25. Nd2 Ke7 26. Ra1 Rxd3 27.
cxd3 Kd6 28. Rc1 a4 29. bxa4 Rxa4 30. Rc2 f6 31. h3 h6 32. f4 Ra1 33. Nf3 b4
34. Nd2 Kd7 35. Rb2 Rg1 36. Kf3 Rd1 37. Ke2 Rg1 38. Kf3 Rd1 39. Ke2 Rg1 40. Kf3
1/2-1/2

[Event "SR 3. liga A2 2009/2010"]
[Site "?"]
[Date "2009.11.29"]
[Round "4.7"]
[White "Skapik, Branislav"]
[Black "Herega, Jozef"]
[Result "1-0"]
[WhiteElo "1847"]
[BlackElo "1879"]
[PlyCount "91"]
[EventDate "2009.??.??"]

1. e4 c5 2. Nc3 g6 3. g3 Bg7 4. Bg2 Nc6 5. f4 d6 6. d3 Nf6 7. Nf3 Bg4 8. Be3 d5
9. Bf2 d4 10. Ne2 Bxf3 11. Bxf3 e5 12. O-O h5 13. h3 Qd7 14. Bg2 Rd8 15. Be1
Nh7 16. Bd2 Ne7 17. Rf2 O-O 18. Qf1 f5 19. fxe5 fxe4 20. Bxe4 Rxf2 21. Qxf2
Qxh3 22. Bf4 Rf8 23. Qg2 Qe6 24. Bxb7 Bxe5 25. Qe4 Rf5 26. Re1 Nf6 27. Qf3 g5
28. Be4 Nxe4 29. dxe4 Rf6 30. Qxh5 gxf4 31. Nxf4 Bxf4 32. gxf4 Rxf4 33. Re2
Rg4+ 34. Kf1 Qf6+ 35. Ke1 Rg1+ 36. Kd2 c4 37. Re1 Qf4+ 38. Kd1 Rg2 39. Qe8+ Qf8
40. Qh5 c3 41. Rh1 Qg7 $11 42. Qe8+ Qf8 43. Rh8+ Kxh8 44. Qxf8+ Ng8 45. bxc3
dxc3 46. Qc5 1-0

[Event "SR 3. liga A2 2009/2010"]
[Site "?"]
[Date "2009.11.29"]
[Round "4.8"]
[White "Babirat, Michal"]
[Black "Danada, Tomas"]
[Result "1/2-1/2"]
[WhiteElo "1737"]
[BlackElo "1772"]
[PlyCount "63"]
[EventDate "2009.??.??"]

1. c4 e5 2. Nc3 Nc6 3. g3 Nf6 4. Bg2 Bb4 5. a3 Bxc3 6. bxc3 O-O 7. d4 d6 8. Rb1
h6 9. e4 Re8 10. f3 Na5 11. Qd3 b6 12. d5 Ba6 13. Rb4 Nb7 14. Bf1 Nc5 15. Qc2
Bc8 16. Be3 a5 17. Rb1 Nfd7 18. Ne2 Qf6 19. Kf2 Ba6 20. Nc1 Rab8 21. Be2 Rb7
22. Nb3 Reb8 23. Nxc5 Nxc5 24. Rb2 Nd7 25. Rbb1 Qd8 26. Rhf1 b5 27. cxb5 Bxb5
28. Bxb5 Rxb5 29. Rxb5 Rxb5 30. Rb1 Qb8 31. Rxb5 Qxb5 32. c4 1/2-1/2

[Event "SR 3. liga A2 2009/2010"]
[Site "?"]
[Date "2009.11.29"]
[Round "4.1"]
[White "Kovacocy, Pavel"]
[Black "Ivan, Imrich ml"]
[Result "1-0"]
[WhiteElo "2241"]
[BlackElo "2079"]
[PlyCount "177"]
[EventDate "2009.??.??"]

1. e4 e6 2. d4 d5 3. Nc3 dxe4 4. Nxe4 Nd7 5. Nf3 Ngf6 6. Nxf6+ Nxf6 7. Bd3 Be7
8. O-O O-O 9. Qe2 b6 10. Bg5 Bb7 11. Rad1 h6 12. Bxf6 Bxf6 13. c3 Qd5 14. Bb1
Qh5 15. Be4 Bxe4 16. Qxe4 Qd5 17. Qxd5 exd5 18. Ne5 Bxe5 19. dxe5 c6 20. f4
Rae8 21. Rfe1 g6 22. g3 Re6 23. Kg2 Rfe8 24. Rf1 f6 25. exf6 Kf7 26. Rd4 Kxf6
27. c4 dxc4 28. Rxc4 c5 29. Rf2 Re2 30. Rc2 Rxc2 31. Rxc2 Rd8 32. Kf3 h5 33.
Ke3 Kf5 34. Kf3 Rd1 35. Re2 Rd3+ 36. Kf2 Rd5 37. Kg2 a5 38. Kh3 a4 39. a3 Rd3
40. Kh4 Rb3 41. Rd2 c4 42. Rc2 b5 43. Re2 Kf6 44. Rd2 c3 45. bxc3 Rxa3 46. Rd6+
Kf7 47. Rb6 Rb3 48. Kg5 a3 49. Rb7+ Kf8 50. Kxg6 Rxc3 51. Rxb5 a2 52. Rb8+ Ke7
53. Ra8 h4 54. gxh4 Rc2 55. h3 Rg2+ 56. Kf5 Rh2 57. Kg4 Kf6 58. Ra6+ Kg7 59. h5
Rg2+ 60. Kf3 Rh2 61. Kg3 Rc2 62. h4 Rb2 63. Kg4 Rg2+ 64. Kf5 Rb2 65. h6+ Kh7
66. Kg5 Rg2+ 67. Kh5 Rb2 68. Ra7+ Kh8 69. f5 Rg2 70. f6 Rf2 71. Kg6 Rg2+ 72.
Kf7 Kh7 73. Ra8 Re2 74. Kf8 Rf2 75. f7 Rb2 76. Ra7 Re2 77. Ra6 Rf2 78. h5 Re2
79. Ra7 Rf2 80. Ke8 Re2+ 81. Kd8 Rd2+ 82. Kc8 Rc2+ 83. Kb8 a1=Q 84. f8=Q+ Qxa7+
85. Kxa7 Ra2+ 86. Kb6 Ra6+ 87. Kb5 Rb6+ 88. Kc4 Rc6+ 89. Kd5 1-0

[Event "SR 3. liga A2 2009/2010"]
[Site "?"]
[Date "2009.11.29"]
[Round "4.3"]
[White "Liptak, Tomas"]
[Black "Abraham, Jan"]
[Result "1-0"]
[WhiteElo "2036"]
[BlackElo "1981"]
[PlyCount "47"]
[EventDate "2009.??.??"]

1. e4 e6 2. d4 d5 3. Nc3 Nf6 4. Bg5 Be7 5. e5 Nfd7 6. Bxe7 Qxe7 7. f4 a6 8. Nf3
c5 9. Bd3 Nc6 10. Qd2 cxd4 11. Ne2 Qb4 12. Qxb4 Nxb4 13. Nexd4 Nc5 14. Kd2 Bd7
15. a3 Nc6 16. b4 Nxd3 17. cxd3 Nxd4 18. Nxd4 Ba4 19. Rac1 Kd7 20. f5 Rhf8 21.
Rhf1 Rac8 22. Rxc8 Kxc8 23. fxe6 f6 24. Nf5 1-0

[Event "SR 3. liga A2 2009/2010"]
[Site "?"]
[Date "2009.11.29"]
[Round "4.4"]
[White "Csefalvay, Stefan"]
[Black "Sarmir, Milos"]
[Result "1-0"]
[WhiteElo "1908"]
[BlackElo "2090"]
[PlyCount "87"]
[EventDate "2009.??.??"]

1. d4 Nf6 2. Nf3 e6 3. g3 d5 4. Bg2 c6 5. O-O Bd6 6. c4 O-O 7. Nbd2 b6 8. Re1
Bb7 9. e3 Nbd7 10. b3 Rc8 11. Bb2 Ne4 12. Rc1 Qe7 13. Qc2 f5 14. Ne5 Nxe5 15.
Nxe4 Nxc4 16. Nxd6 Nxd6 17. Qd3 Ne8 18. Rc2 Nf6 19. Rec1 Rf7 20. f3 g5 21. a3
h5 22. e4 Ne8 23. exd5 exd5 24. Re2 Qf6 25. Rce1 Nc7 26. Re5 Rcf8 27. a4 c5 28.
Ba3 Bc6 29. dxc5 b5 30. Bb2 bxa4 31. bxa4 Bxa4 32. Qa3 Qc6 33. Qc3 Qh6 34. Qa5
Bc6 35. Qxa7 Bb5 36. Qa5 Bc4 37. Re7 Qc6 38. Qc3 Qxc5+ 39. Kh1 Rf6 40. Qe5 Nb5
41. Re6 Qf2 42. Rxf6 Rxf6 43. Qe8+ Kh7 44. Re7+ 1-0

[Event "SR 3. liga A2 2009/2010"]
[Site "?"]
[Date "2009.11.29"]
[Round "4.5"]
[White "Liptak, Dusan"]
[Black "Vizvari, Ludovit"]
[Result "1/2-1/2"]
[WhiteElo "1916"]
[BlackElo "2015"]
[PlyCount "42"]
[EventDate "2009.??.??"]

1. d4 d5 2. c4 e6 3. Nf3 c5 4. cxd5 exd5 5. Nc3 Nc6 6. e3 Nf6 7. Be2 Be6 8. O-O
a6 9. a4 Be7 10. Ne5 O-O 11. f4 cxd4 12. exd4 Qc8 13. Be3 Rd8 14. Rc1 Ne4 15.
f5 Nxc3 16. Rxc3 Bxf5 17. Nxf7 Rf8 18. Ne5 Bb4 19. Rc1 Qe6 20. Bf4 Nxe5 21.
Bxe5 Bd6 $11 1/2-1/2

[Event "SR 3. liga A2 2009/2010"]
[Site "?"]
[Date "2009.11.29"]
[Round "4.6"]
[White "Vegh, Vince"]
[Black "Vlkovic, Pavol"]
[Result "1/2-1/2"]
[WhiteElo "1920"]
[BlackElo "1930"]
[PlyCount "84"]
[EventDate "2009.??.??"]

1. e4 e6 2. d4 d5 3. e5 c5 4. c3 Nc6 5. Nf3 Qb6 6. a3 cxd4 7. cxd4 Bd7 8. b4
Rc8 9. Be3 Nge7 10. Bd3 Nf5 11. Bxf5 exf5 12. O-O h6 13. Nc3 Be6 14. Na4 Qd8
15. Rc1 g5 16. Qd3 g4 17. Ne1 Be7 18. g3 Kf8 19. Ng2 Kg7 20. Qd2 b6 21. Rc3 Qd7
22. Nb2 a5 23. b5 Na7 24. Rxc8 Qxc8 25. Rc1 Qd7 26. a4 Bb4 27. Qd3 Rc8 28. Rc2
Rxc2 29. Qxc2 Qc8 30. Qxc8 Nxc8 31. Nf4 Be7 32. Nd1 Bg5 33. Nh5+ Kg6 34. Bxg5
Kxg5 35. Nf4 Ne7 36. Ne3 h5 37. h4+ gxh3 38. Nxh3+ Kh6 39. Nf4 Kg5 40. Kg2 h4
41. Kh3 hxg3 42. fxg3 Kh6 1/2-1/2

[Event "SR 3. liga A2 2009/2010"]
[Site "?"]
[Date "2009.11.29"]
[Round "4.7"]
[White "Markuliak, Mario"]
[Black "Varkonyi, Miklos"]
[Result "1/2-1/2"]
[WhiteElo "1909"]
[BlackElo "1761"]
[PlyCount "48"]
[EventDate "2009.??.??"]

1. c4 c6 2. Nc3 Nf6 3. g3 d5 4. cxd5 cxd5 5. Bg2 Bf5 6. Nf3 h6 7. O-O Nc6 8. d4
e6 9. Bd2 Be7 10. Qb3 Qd7 11. Rfc1 O-O 12. Na4 b6 13. e3 Rfc8 14. Bf1 Ne4 15.
Be1 Nd6 16. Nc3 Na5 17. Qa4 Qxa4 $11 18. Nxa4 Nac4 19. Nd2 Nxd2 20. Bxd2 Rxc1
21. Rxc1 Rc8 22. Rxc8+ Nxc8 23. Ba6 Nd6 24. Bb4 Bf8 1/2-1/2

[Event "SR 3. liga A2 2009/2010"]
[Site "?"]
[Date "2009.11.29"]
[Round "4.8"]
[White "Sooky, Ladislav"]
[Black "Hornak, Pavol"]
[Result "1/2-1/2"]
[WhiteElo "1529"]
[BlackElo "1787"]
[PlyCount "42"]
[EventDate "2009.??.??"]

1. d4 Nf6 2. c4 g6 3. Nc3 Bg7 4. e3 O-O 5. Nf3 d5 6. cxd5 Nxd5 7. Bd2 Nxc3 8.
Bxc3 b6 9. Bd3 Bb7 10. O-O e6 11. Rc1 Nd7 12. Nd2 e5 13. Be4 Bxe4 14. Nxe4 exd4
15. Bxd4 c5 16. Bxg7 Kxg7 17. Qd6 Nf6 18. Qxd8 Raxd8 19. Nxf6 Kxf6 20. Rfd1 Ke7
21. Kf1 Rxd1+ 1/2-1/2

[Event "SR 3. liga A2 2009/2010"]
[Site "?"]
[Date "2009.11.29"]
[Round "4.1"]
[White "Kapusta, Petr"]
[Black "Meszaros, Lorant"]
[Result "1/2-1/2"]
[WhiteElo "2135"]
[BlackElo "2119"]
[PlyCount "118"]
[EventDate "2009.??.??"]

1. e4 e5 2. Nf3 Nc6 3. Bb5 a6 4. Ba4 Nf6 5. O-O Be7 6. Re1 b5 7. Bb3 d6 8. c3
O-O 9. h3 Nd7 10. d4 Bf6 11. a4 Bb7 12. Na3 Re8 13. Bd5 Nb6 14. axb5 axb5 15.
Qb3 Nxd5 16. exd5 Ne7 17. Qxb5 Bxd5 18. dxe5 c6 19. Qf1 dxe5 20. Nxe5 Nf5 21.
Ng4 Rxe1 22. Qxe1 Nh4 23. Ne3 Bxg2 24. Qd1 Qxd1+ 25. Nxd1 Bxh3 26. f4 Re8 27.
Ne3 Ng6 28. f5 Nh4 29. Nac4 Nxf5 30. Nxf5 Bxf5 31. Nd6 Re1+ 32. Kg2 g6 33. Ra8+
Kg7 34. Ne8+ Rxe8 35. Rxe8 h5 36. Be3 Bd7 37. Rb8 Be6 38. Bd4 Bxd4 39. cxd4 g5
40. b4 Bd5+ 41. Kh2 Kf6 42. Re8 Be6 43. Ra8 h4 44. Ra6 Kf5 45. Rxc6 Kf4 46.
Rxe6 fxe6 47. b5 g4 48. b6 g3+ 49. Kg2 h3+ 50. Kxh3 Kf3 51. b7 g2 52. b8=Q g1=Q
53. Qb3+ Kf4 54. Qb8+ Kf3 55. Qb7+ Ke3 56. Qb3+ Kf4 57. Qb8+ Ke4 58. Qa8+ Kf4
59. Qb8+ Kf3 1/2-1/2

[Event "SR 3. liga A2 2009/2010"]
[Site "?"]
[Date "2009.11.29"]
[Round "4.2"]
[White "Szitasi, Janos"]
[Black "Hudacek, Josef"]
[Result "1-0"]
[WhiteElo "2005"]
[BlackElo "2070"]
[PlyCount "59"]
[EventDate "2009.??.??"]

1. e4 e5 2. Nf3 Nc6 3. Bb5 a6 4. Ba4 Nf6 5. d3 b5 6. Bb3 Be7 7. O-O d6 8. h3
O-O 9. Nc3 Na5 10. Be3 Bb7 11. Qd2 Nxb3 12. axb3 Ne8 13. Bg5 f6 14. Be3 f5 15.
Bg5 f4 16. Bxe7 Qxe7 17. d4 Nf6 18. Rfe1 b4 19. Na2 Bxe4 20. Nxb4 Bxf3 21. gxf3
Nd7 22. Kh2 c5 23. Nc6 Qe6 24. dxe5 dxe5 25. Rad1 Nf6 26. Nxe5 Rad8 27. Qc3
Rxd1 28. Rxd1 Nd5 29. Qxc5 Rd8 30. Qd4 {Time} 1-0

[Event "SR 3. liga A2 2009/2010"]
[Site "?"]
[Date "2009.11.29"]
[Round "4.3"]
[White "Kubis, Ivan"]
[Black "Kosar, Mikulas"]
[Result "1-0"]
[WhiteElo "2025"]
[BlackElo "1876"]
[PlyCount "57"]
[EventDate "2009.??.??"]

1. e4 d5 2. exd5 Nf6 3. d4 Nxd5 4. c4 Nb4 5. Qa4+ N8c6 6. a3 b5 7. cxb5 Qxd4 8.
axb4 Nxb4 9. Nc3 Bf5 10. Be3 Qd6 11. Rc1 e5 12. b6+ c6 13. bxa7 Be7 14. Nf3 O-O
15. Bc4 Bd3 16. Bxd3 Nxd3+ 17. Ke2 Nxc1+ 18. Rxc1 f5 19. Qc4+ Kh8 20. Rd1 Qg6
21. Nxe5 Qh5+ 22. Nf3 Bf6 23. Kf1 Bxc3 24. bxc3 f4 25. Bd4 Qg6 26. Re1 Qc2 27.
Qxc6 Qd3+ 28. Kg1 h6 29. Qb7 1-0

[Event "SR 3. liga A2 2009/2010"]
[Site "?"]
[Date "2009.11.29"]
[Round "4.4"]
[White "Szekely, Stefan"]
[Black "Londin, Martin"]
[Result "1/2-1/2"]
[WhiteElo "1984"]
[BlackElo "2005"]
[PlyCount "25"]
[EventDate "2009.??.??"]

1. c4 e6 2. Nc3 d5 3. cxd5 exd5 4. d4 Nf6 5. Nf3 c6 6. g3 Bd6 7. Bg2 O-O 8. O-O
Re8 9. Ne1 Bf5 10. Nd3 Nbd7 11. Re1 Qc7 12. Bf4 Re7 13. Rc1 $11 1/2-1/2

[Event "SR 3. liga A2 2009/2010"]
[Site "?"]
[Date "2009.11.29"]
[Round "4.5"]
[White "Vepy, Ivan"]
[Black "Both, Lajos"]
[Result "1-0"]
[WhiteElo "1920"]
[BlackElo "1904"]
[PlyCount "115"]
[EventDate "2009.??.??"]

1. e4 c5 2. Nf3 Nc6 3. d4 cxd4 4. Nxd4 Nf6 5. Nc3 e5 6. Ndb5 d6 7. Bg5 a6 8.
Bxf6 gxf6 9. Na3 b5 10. Nd5 Bg7 11. c3 Ne7 12. Nc2 Be6 13. Ncb4 O-O 14. Bd3
Nxd5 15. exd5 Bd7 16. Qh5 h6 17. h4 e4 18. Be2 f5 19. g4 fxg4 20. Bxg4 f5 21.
Bh3 Be8 22. Qe2 Qxh4 23. Qe3 Qg5 24. O-O-O Qxe3+ 25. fxe3 Bh5 26. Rdg1 Bf3 27.
Rh2 Kh7 28. Nc6 Rae8 29. Bf1 h5 30. Nd4 Bxd4 31. cxd4 Rc8+ 32. Kd2 Rg8 33. Bh3
Bg4 34. Bxg4 Rxg4 35. Rxh5+ Kg6 36. Rgh1 Rg2+ 37. Kd1 Rg1+ 38. Rxg1+ Kxh5 39.
Rg7 Rc4 40. b3 Rc3 41. Kd2 Rd3+ 42. Ke2 f4 43. exf4 Rxd4 44. Rg5+ Kh6 45. Ke3
Rd1 46. Kxe4 b4 47. Rg2 a5 48. Kf5 Rxd5+ 49. Ke6 Rd1 50. f5 d5 51. f6 d4 52. f7
Re1+ 53. Kf6 Rf1+ 54. Ke7 Re1+ 55. Kf8 Kh7 56. Rh2+ Kg6 57. Kg8 Rf1 58. Rg2+
1-0

[Event "SR 3. liga A2 2009/2010"]
[Site "?"]
[Date "2009.11.29"]
[Round "4.6"]
[White "Arpa, Zoltan"]
[Black "Hrubsa, Marian"]
[Result "1-0"]
[WhiteElo "1847"]
[BlackElo "1930"]
[PlyCount "103"]
[EventDate "2009.??.??"]

1. d4 d5 2. c4 e6 3. Nc3 c6 4. e3 Nf6 5. Nf3 Nbd7 6. Bd3 dxc4 7. Bxc4 b5 8. Bd3
b4 9. Ne2 Bb7 10. Ng3 c5 11. Be2 Bd6 12. O-O O-O 13. b3 a5 14. Bb2 Bc6 15. dxc5
Bxc5 16. Rc1 a4 17. Ne5 Rc8 18. Nxc6 Rxc6 19. Bb5 Rd6 20. Qe2 axb3 21. Bxf6
Nxf6 22. Rxc5 Rd2 23. Qc4 bxa2 24. Qxb4 Qd6 25. Qc3 Rd8 26. Rc8 h6 27. Rxd8+
Qxd8 28. Bc4 Ng4 29. Ne2 Qd6 30. g3 Rd1 31. Nc1 Rxf1+ 32. Bxf1 a1=Q 33. Qxa1
Qd5 34. Qd4 Qh5 35. h3 Ne5 36. Bg2 Ng6 37. Qd2 Qb5 38. Ne2 Qb1+ 39. Kh2 Qf5 40.
Nc3 Qa5 41. Ne4 Qe5 42. Qd4 Qc7 43. Qc5 Qb8 44. Nd6 Qb2 45. e4 Ne5 46. Qb5 Qd4
47. Qe8+ Kh7 48. Nxf7 Nd3 49. Qxe6 Nxf2 50. Qd5 Qb2 51. e5 Qe2 52. Qf3 1-0

[Event "SR 3. liga A2 2009/2010"]
[Site "?"]
[Date "2009.11.29"]
[Round "4.7"]
[White "Vach, Jozef"]
[Black "Kalmar, Tamas"]
[Result "1/2-1/2"]
[WhiteElo "1907"]
[BlackElo "1714"]
[PlyCount "78"]
[EventDate "2009.??.??"]

1. d4 Nf6 2. c4 g6 3. Nc3 Bg7 4. e4 d6 5. f3 O-O 6. Be3 e5 7. d5 Nh5 8. Qd2
Qh4+ 9. Bf2 Qf4 10. Nge2 Qxd2+ 11. Kxd2 Na6 12. g4 Nf4 13. Be3 Nxe2 14. Bxe2 f5
15. gxf5 gxf5 16. Rag1 f4 17. Bf2 Kf7 18. h4 h5 19. Rg5 Bf6 20. Rgg1 Bd7 21.
Bf1 Rg8 22. Rg2 Rxg2 23. Bxg2 Rg8 24. Bh3 Ke7 25. Bxd7 Kxd7 26. Ke1 Nb4 27. Ke2
a5 28. b3 c6 29. Kf1 Kc7 30. Ke2 Rg2 31. Kf1 Rg8 32. Ke2 Nc2 33. Kf1 Nb4 34.
Ke2 Rg6 35. Rh2 Na6 36. a3 Be7 37. Na4 c5 38. Nc3 Kd7 39. Kf1 Rg8 1/2-1/2

[Event "SR 3. liga A2 2009/2010"]
[Site "?"]
[Date "2009.11.29"]
[Round "4.8"]
[White "Bernath, Mikulas"]
[Black "Planka, Peter"]
[Result "0-1"]
[WhiteElo "1895"]
[BlackElo "1776"]
[PlyCount "64"]
[EventDate "2009.??.??"]

1. d4 Nf6 2. Nf3 e6 3. c4 b6 4. g3 Bb7 5. Bg2 Be7 6. a3 c5 7. e3 O-O 8. Nc3 d5
9. cxd5 Nxd5 10. O-O cxd4 11. Nxd4 Nxc3 12. bxc3 Bxg2 13. Kxg2 Qd5+ 14. f3 Rd8
15. Qe2 Nd7 16. Rd1 Nc5 17. Bb2 Na4 18. e4 Qb7 19. Rac1 Nxb2 20. Qxb2 Rac8 21.
Ne2 Qa6 22. Rxd8+ Rxd8 23. Ra1 Bg5 24. f4 Be7 25. Nd4 Qd3 26. Re1 Rc8 27. Re2
Rxc3 28. Nb5 Rb3 29. Qc2 Qf3+ 30. Kh3 Rxb5 31. e5 h5 32. Rd2 Qf1+ 0-1

[Event "SR 3. liga A2 2009/2010"]
[Site "?"]
[Date "2009.12.13"]
[Round "5.1"]
[White "Mihalik, Marek"]
[Black "Lukac, Tomas"]
[Result "1/2-1/2"]
[WhiteElo "2090"]
[BlackElo "1932"]
[PlyCount "56"]
[EventDate "2009.??.??"]

1. d4 d5 2. c4 c6 3. Nf3 Nf6 4. cxd5 cxd5 5. Nc3 e6 6. Bg5 Be7 7. e3 Nc6 8. Rc1
Bd7 9. Bd3 Qb6 10. Qe2 Rc8 11. O-O O-O 12. Bb1 Rfd8 13. Rfd1 h6 14. Bh4 Nh7 15.
Bxe7 Nxe7 16. Ne5 Nf8 17. b3 Be8 18. Qb2 Qd6 19. Ne2 Nc6 20. Nxc6 Bxc6 21. Nf4
Bb5 22. a4 Be8 23. g3 a5 24. Rc3 b6 25. Rdc1 Bd7 26. Nd3 f6 27. Ne1 Rxc3 28.
Rxc3 Rc8 $11 1/2-1/2

[Event "SR 3. liga A2 2009/2010"]
[Site "?"]
[Date "2009.12.13"]
[Round "5.2"]
[White "Pagac, Robert"]
[Black "Manak, Jozef"]
[Result "0-1"]
[WhiteElo "1830"]
[BlackElo "2017"]
[PlyCount "99"]
[EventDate "2009.??.??"]

1. e4 c5 2. Nf3 a6 3. d4 cxd4 4. Nxd4 Nf6 5. Bd3 e5 6. Nf3 d5 7. Be2 Nc6 8.
exd5 Nxd5 9. O-O Be7 10. c4 Ndb4 11. a3 Qxd1 12. Bxd1 Nd3 13. Nc3 O-O 14. Bc2
Nxc1 15. Raxc1 Rd8 16. Nd5 Bc5 17. Rfe1 f6 18. b4 Ba7 19. h3 Bd7 20. Rcd1 Nd4
21. Nxd4 Bxd4 22. c5 Kh8 23. Nb6 Rab8 24. Nxd7 Rxd7 25. Kf1 Rc7 26. Be4 a5 27.
Rb1 axb4 28. axb4 Ra8 29. Re2 g6 30. Rc2 f5 31. Bd5 Kg7 32. Ke2 Kf6 33. Kd3 Rd8
34. Bb3 Bxf2+ 35. Ke2 Bd4 36. Ra2 e4 37. Rd1 f4 38. Rad2 Ke5 39. Bc4 b6 40. Bb3
bxc5 41. Rc2 Rdc8 42. Rc4 g5 43. bxc5 Bxc5 44. Bc2 Bd4 45. Rcxd4 Rxc2+ 46. Kf1
R8c5 47. Rd8 Rc1 48. Re1 Rxe1+ 49. Kxe1 Rc2 50. Kf1 0-1

[Event "SR 3. liga A2 2009/2010"]
[Site "?"]
[Date "2009.12.13"]
[Round "5.3"]
[White "Gono, Pavol"]
[Black "Brisudova, Veronika"]
[Result "0-1"]
[WhiteElo "1966"]
[BlackElo "1737"]
[PlyCount "68"]
[EventDate "2009.??.??"]

1. e4 c5 2. Nf3 d6 3. d4 cxd4 4. Nxd4 Nf6 5. Nc3 a6 6. g3 g6 7. Bg2 Bg7 8. O-O
O-O 9. Nce2 Qc7 10. c3 Nc6 11. Kh1 e5 12. Nc2 Be6 13. Ne3 Ne7 14. b3 Rfd8 15.
c4 Qd7 16. Bb2 Bh3 17. Nc3 Rab8 18. Re1 Bxg2+ 19. Kxg2 h5 20. h4 Qc6 21. f3 b5
22. cxb5 axb5 23. Rc1 Qb7 24. Ncd5 Nexd5 25. Nxd5 Nxd5 26. Qxd5 Qxd5 27. exd5
b4 28. Rc2 Rb5 29. Re4 Rdb8 30. Rd2 Ra8 31. Bc1 Bh6 32. f4 exf4 33. gxf4 Bg7
34. Kf3 Bc3 0-1

[Event "SR 3. liga A2 2009/2010"]
[Site "?"]
[Date "2009.12.13"]
[Round "5.4"]
[White "Harasta, Juraj"]
[Black "Mihalik, Anton"]
[Result "1/2-1/2"]
[WhiteElo "1688"]
[BlackElo "1961"]
[PlyCount "112"]
[EventDate "2009.??.??"]

1. e4 c5 2. Nf3 d6 3. d4 cxd4 4. Nxd4 Nf6 5. f3 a6 6. c4 e5 7. Nc2 Be6 8. b3
Be7 9. Be3 Nc6 10. Nc3 Qa5 11. Qd2 Rb8 12. Nd5 Qxd2+ 13. Bxd2 Bd8 14. Be2 Nd7
15. O-O O-O 16. Nce3 Nd4 17. Rf2 f5 18. exf5 Nxf5 19. Nxf5 Bxf5 20. Bb4 Nc5 21.
Kh1 Rc8 22. Rd1 Re8 23. Ne3 Bg6 24. Rxd6 Be7 25. Bxc5 Rxc5 26. Rd7 Ra5 27. Bd3
Bxd3 28. Rxd3 Bc5 29. a4 b5 30. cxb5 axb5 31. Ra2 Bd4 32. Nf5 bxa4 33. bxa4 Rb8
34. g4 Rb4 35. Rc2 g6 36. Ne7+ Kg7 37. Nc6 Rb1+ 38. Kg2 Rxa4 39. Nxd4 exd4 40.
Rc7+ Kh6 41. h4 g5 42. Rc6+ Kg7 43. hxg5 Rb5 44. Rd6 Rxg5 45. R3xd4 Rxd4 46.
Rxd4 h5 47. Kg3 hxg4 48. fxg4 Ra5 49. Rd6 Ra7 50. Kh4 Rb7 51. Kh5 Rb5+ 52. g5
Rb7 53. Rg6+ Kh7 54. Rd6 Kg7 55. Rd5 Rc7 56. Rf5 Rc8 1/2-1/2

[Event "SR 3. liga A2 2009/2010"]
[Site "?"]
[Date "2009.12.13"]
[Round "5.5"]
[White "Curidlo, Jan"]
[Black "Harasta, Marian"]
[Result "1/2-1/2"]
[WhiteElo "1938"]
[BlackElo "1608"]
[PlyCount "110"]
[EventDate "2009.??.??"]

1. e4 c5 2. Nf3 Nc6 3. d4 cxd4 4. Nxd4 e5 5. Nf3 Nf6 6. Nc3 Bb4 7. Bd3 d6 8. h3
Nd4 9. Bd2 Ne6 10. a3 Ba5 11. O-O O-O 12. b4 Bb6 13. Ne2 Re8 14. c3 Bd7 15. Ng3
a5 16. Qe2 axb4 17. axb4 Qc7 18. Nf5 Nf4 19. Bxf4 exf4 20. Rxa8 Rxa8 21. Qd2
Bxf5 22. exf5 d5 23. Nd4 Ne4 24. Bxe4 dxe4 25. Nb5 Qe5 26. Nd4 Rd8 27. Rd1 Bxd4
28. cxd4 Qxf5 29. d5 Qe5 30. Qd4 Qxd4 31. Rxd4 f5 32. Kf1 Kf7 33. g4 fxg3 34.
fxg3 b5 35. Ke2 Kf6 36. Rd1 Ke5 37. Rc1 Rxd5 38. Rc7 Kf6 39. Rc6+ Kf7 40. Rc7+
Kg6 41. Rc6+ Kh5 42. Rc5 Rd3 43. Rxf5+ Kg6 44. g4 Rxh3 45. Rxb5 Rb3 46. Kd2 e3+
47. Ke2 Kf6 48. Kf3 g6 49. g5+ Kg7 50. Rb7+ Kg8 51. Ke2 h5 52. gxh6 g5 53. Rg7+
Kh8 54. Rxg5 Kh7 55. Re5 Kxh6 1/2-1/2

[Event "SR 3. liga A2 2009/2010"]
[Site "?"]
[Date "2009.12.13"]
[Round "5.6"]
[White "Berger, Patrik"]
[Black "Gono, Michal"]
[Result "0-1"]
[WhiteElo "1627"]
[BlackElo "1852"]
[PlyCount "84"]
[EventDate "2009.??.??"]

1. e4 g6 2. d4 Bg7 3. Bc4 d6 4. Bg5 c6 5. Nc3 Qa5 6. Qd2 Qb4 7. b3 b5 8. a3 Qa5
9. Nxb5 Qxd2+ 10. Kxd2 cxb5 11. Bd5 Bxd4 12. c3 Bxf2 13. Rc1 Be6 14. Bxa8 Bxb3
15. Bd5 Bxd5 16. exd5 h6 17. Be3 Bxe3+ 18. Kxe3 Nf6 19. Rd1 Nbd7 20. Kd4 Nb6
21. Nf3 Kd7 22. Rb1 a6 23. Nd2 Rc8 24. Rhc1 Nfxd5 25. g3 e5+ 26. Kd3 Nc4 27.
Nxc4 Rxc4 28. Rb2 e4+ 29. Kd2 f5 30. Rbc2 g5 31. Ke2 Ke6 32. h3 Ke5 33. Kd2 f4
34. Rg1 f3 35. Re1 f2 36. Rf1 e3+ 37. Kd3 h5 38. Ke2 Ke4 39. Rfc1 h4 40. gxh4
Nf4+ 41. Kf1 Kf3 42. hxg5 Nh5 0-1